[Event "Arab-ch"]
[Site "Dubai"]
[Date "2021.11.29"]
[Round "6"]
[White "Zaibi, Amir"]
[Black "Elarbi, Abobker"]
[Result "1-0"]
[WhiteElo "2405"]
[BlackElo "2302"]
[PlyCount "77"]
[EventDate "2021.11.26"]
[EventType "swiss"]
[EventRounds "9"]
[EventCountry "UAE"]
[SourceTitle "CBM 205 Extra"]
[Source "ChessBase"]
[SourceDate "2022.01.31"]
[SourceVersion "1"]
[SourceVersionDate "2022.01.31"]
[SourceQuality "1"]

1. Nf3 Nf6 2. g3 d5 3. Bg2 e6 4. 0-0 Be7 5. c4 0-0 6. d4 c6 7. Qc2 a6 8. Nbd2 Nbd7 9. Rd1 Re8 10. e4 dxe4 11. Nxe4 Nxe4 12. Qxe4 Nf6 13. Qe2 Qc7 14. Bf4 Bd6 15. Ne5 Nd7 16. c5 Bxe5 17. Bxe5 Qd8 18. Rd3 f6 19. Bd6 Nb6 20. Qh5 g6 21. Qh6 Nc4 22. Bf4 e5 23. Rc3 Qxd4 24. Rac1 exf4 25. Rxc4 Qd2 26. Qxf4 Qxb2 27. Rb4 Qe5 28. Qd2 Qc7 29. Qb2 Kg7 30. h4 Re7 31. Rd1 a5 32. Rbd4 Be6 33. Rd6 Rf8 34. R1d4 h5 35. Rf4 Qc8 36. Re4 Rff7 37. Bh3 Bxh3 38. Rxe7 Qf8 39. Qxf6+ 1-0

[Event "Arab-ch"]
[Site "Dubai"]
[Date "2021.11.27"]
[Round "3"]
[White "Elarbi, Abobker"]
[Black "Tissir, Mohamed"]
[Result "0-1"]
[WhiteElo "2302"]
[BlackElo "2376"]
[PlyCount "95"]
[EventDate "2021.11.26"]
[EventType "swiss"]
[EventRounds "9"]
[EventCountry "UAE"]
[SourceTitle "CBM 205 Extra"]
[Source "ChessBase"]
[SourceDate "2022.01.31"]
[SourceVersion "1"]
[SourceVersionDate "2022.01.31"]
[SourceQuality "1"]

1. d4 Nf6 2. Nf3 g6 3. g3 Bg7 4. Bg2 0-0 5. 0-0 d5 6. Nbd2 a5 7. c4 Nc6 8. cxd5 Nxd5 9. e4 Nb6 10. d5 Nb4 11. a3 Na6 12. Qb3 e6 13. Ne1 a4 14. Qf3 exd5 15. exd5 Nc5 16. h3 Re8 17. Nc2 Bd7 18. Rd1 Bb5 19. Bf1 Qd7 20. Nb4 Bxf1 21. Nxf1 Nb3 22. Rb1 Qxh3 23. Bf4 Nd4 24. Rxd4 Bxd4 25. Bxc7 Nd7 26. Nd3 Qf5 27. Qxf5 gxf5 28. Bf4 Ra5 29. d6 Rb5 30. Nd2 f6 31. Nf3 Be5 32. Rc1 Rd5 33. Nb4 Rxd6 34. Bxe5 fxe5 35. Rc7 b6 36. Nh4 f4 37. Nf5 Rd2 38. Nc6 fxg3 39. Nxg3 e4 40. Nf5 Kf7 41. Ncd4 Rd8 42. Kf1 Kf6 43. Ke1 Rxb2 44. Nc6 Rg8 45. Ng3 e3 46. Rxd7 exf2+ 47. Kf1 Rxg3 48. Rd6+ 0-1

[Event "Arab-ch"]
[Site "Dubai"]
[Date "2021.11.27"]
[Round "2"]
[White "Ezat, Mohamed Mahmoud"]
[Black "Elarbi, Abobker"]
[Result "0-1"]
[WhiteElo "2418"]
[BlackElo "2302"]
[PlyCount "104"]
[EventDate "2021.11.26"]
[EventType "swiss"]
[EventRounds "9"]
[EventCountry "UAE"]
[SourceTitle "CBM 205 Extra"]
[Source "ChessBase"]
[SourceDate "2022.01.31"]
[SourceVersion "1"]
[SourceVersionDate "2022.01.31"]
[SourceQuality "1"]

1. d4 Nf6 2. c4 e6 3. Nc3 Bb4 4. e3 0-0 5. a3 Bxc3+ 6. bxc3 d6 7. Bd3 e5 8. f3 e4 9. Bb1 Re8 10. Ra2 Qe7 11. Rf2 Nc6 12. Ne2 exf3 13. Rxf3 Bg4 14. Rf4 Bh5 15. 0-0 Bg6 16. Bd3 Bxd3 17. Qxd3 Ne4 18. Rxf7 Qxf7 19. Rxf7 Kxf7 20. Ng3 Nxg3 21. hxg3 Kg8 22. e4 Re7 23. Qb1 Rb8 24. Bg5 Rf7 25. Qb5 a6 26. Qd5 Re8 27. c5 h6 28. Bf4 dxc5 29. Bxc7 cxd4 30. cxd4 Nxd4 31. e5 Ne6 32. Bd6 Ng5 33. Qc4 Re6 34. a4 Kh7 35. Qc8 Rg6 36. Qc2 Ne6 37. Qe4 h5 38. Qc4 Rf5 39. Qb3 b5 40. axb5 axb5 41. Qxb5 Rfg5 42. Qe2 Kg8 43. Be7 Rxg3 44. Qxh5 Rxg2+ 45. Kf1 R2g4 46. Qh3 Rf4+ 47. Ke1 Re4+ 48. Kd2 Rxe5 49. Kc2 Nd4+ 50. Kd3 Nf5 51. Qh5 Rd5+ 52. Kc3 Nxe7 0-1

[Event "Africa-ch Blitz"]
[Site "Casablanca"]
[Date "2019.08.28"]
[Round "9.12"]
[White "Amba, Oyon Marius Claude"]
[Black "Elarbi, Abobker"]
[Result "0-1"]
[WhiteElo "1930"]
[BlackElo "2200"]
[PlyCount "95"]
[EventDate "2019.08.28"]
[EventType "swiss (blitz)"]
[EventRounds "9"]
[EventCountry "MAR"]
[SourceTitle "EXT 2024"]
[Source "ChessBase"]
[SourceDate "2023.10.10"]
[SourceVersion "1"]
[SourceVersionDate "2023.10.10"]
[SourceQuality "1"]

1. e4 e5 2. Nf3 Nf6 3. Nc3 Bb4 4. d3 d5 5. exd5 Qxd5 6. Be2 e4 7. dxe4 Qxd1+ 8. Bxd1 Nxe4 9. 0-0 Nxc3 10. bxc3 Bxc3 11. Rb1 0-0 12. Bf4 c6 13. a4 Nd7 14. Be2 Nb6 15. Bd3 Nxa4 16. Rb3 Bf6 17. Ra3 Nb6 18. Bd6 Re8 19. Bc5 Be6 20. Nd4 Bxd4 21. Bxd4 Nd7 22. f4 c5 23. Bc3 Bd5 24. f5 f6 25. Bb5 Red8 26. Rd1 Nb6 27. Ba5 Bf7 28. Re1 Kf8 29. Rae3 Nd5 30. Rf3 b6 31. Bd2 Nc7 32. Bd3 c4 33. Bb4+ Kg8 34. Be4 Bd5 35. Rfe3 Bxe4 36. Rxe4 Nd5 37. Bd2 Kf7 38. Bc1 b5 39. Ba3 Rd7 40. c3 a5 41. Bc5 Rc8 42. Bd4 b4 43. cxb4 axb4 44. Ra1 c3 45. Ree1 b3 46. Red1 b2 47. Rab1 c2 48. Rf1 0-1

[Event "Africa-ch Blitz"]
[Site "Casablanca"]
[Date "2019.08.28"]
[Round "2.4"]
[White "Bellahcene, Bilel"]
[Black "Elarbi, Abobker"]
[Result "1-0"]
[WhiteElo "2502"]
[BlackElo "2200"]
[PlyCount "101"]
[EventDate "2019.08.28"]
[EventType "swiss (blitz)"]
[EventRounds "9"]
[EventCountry "MAR"]
[SourceTitle "EXT 2024"]
[Source "ChessBase"]
[SourceDate "2023.10.10"]
[SourceVersion "1"]
[SourceVersionDate "2023.10.10"]
[SourceQuality "1"]

1. e4 e6 2. d4 d5 3. Nc3 dxe4 4. Nxe4 Bd7 5. Nf3 Bc6 6. Ng3 Nd7 7. Bd3 Ngf6 8. 0-0 Be7 9. b3 0-0 10. c4 Bxf3 11. Qxf3 c5 12. dxc5 Nxc5 13. Bc2 a5 14. Bb2 Qc7 15. Rfe1 Rfd8 16. Nh5 Nxh5 17. Qxh5 g6 18. Qe2 Bf8 19. Bf6 Rd7 20. Rad1 Bg7 21. Bg5 h6 22. Bh4 b6 23. h3 Qc6 24. Rxd7 Qxd7 25. Rd1 Qc6 26. Qd2 Kh7 27. Qd6 Rc8 28. Qxc6 Rxc6 29. a3 Rc7 30. b4 axb4 31. axb4 Na6 32. b5 Nc5 33. Rd6 Rb7 34. Bd1 Be5 35. Rc6 g5 36. Bg3 Bxg3 37. fxg3 Nd7 38. Bf3 Ne5 39. Be4+ Kg7 40. Rc8 Rd7 41. c5 bxc5 42. b6 Rd1+ 43. Kf2 Rd2+ 44. Ke1 Rb2 45. b7 Nd7 46. Rd8 Nf6 47. Bc6 c4 48. b8Q Rxb8 49. Rxb8 c3 50. Rb3 Nh5 51. Rxc3 1-0

[Event "Africa-ch Blitz"]
[Site "Casablanca"]
[Date "2019.08.28"]
[Round "8.11"]
[White "Elarbi, Abobker"]
[Black "Mphungu, Gerrard"]
[Result "0-1"]
[WhiteElo "2200"]
[BlackElo "2107"]
[PlyCount "92"]
[EventDate "2019.08.28"]
[EventType "swiss (blitz)"]
[EventRounds "9"]
[EventCountry "MAR"]
[SourceTitle "EXT 2024"]
[Source "ChessBase"]
[SourceDate "2023.10.10"]
[SourceVersion "1"]
[SourceVersionDate "2023.10.10"]
[SourceQuality "1"]

1. d4 d5 2. Nf3 Nf6 3. c4 e6 4. e3 Nbd7 5. Nc3 c6 6. Bd3 dxc4 7. Bxc4 b5 8. Bd3 a6 9. 0-0 c5 10. Ne4 Bb7 11. Nxf6+ Nxf6 12. dxc5 Bxc5 13. Be2 0-0 14. b3 Qe7 15. Bb2 Rfd8 16. Qe1 Bb4 17. Bc3 Bxc3 18. Qxc3 Rac8 19. Qb2 Bxf3 20. Bxf3 b4 21. Rac1 h6 22. Rxc8 Rxc8 23. Rc1 Rc7 24. g3 Rc5 25. Kg2 Qc7 26. Rxc5 Qxc5 27. Qd2 e5 28. Qd8+ Kh7 29. Qd3+ g6 30. Qxa6 Kg7 31. Qb7 Qa5 32. h4 Qc5 33. g4 g5 34. hxg5 hxg5 35. Kg3 Qd6 36. Qc6 Qd3 37. Qc4 Qd6 38. Be4 Nxe4+ 39. Qxe4 f6 40. Kg2 Qd2 41. Qb7+ Kg6 42. Qe4+ Kg7 43. Kg3 Qd6 44. Qf5 Qc6 45. e4 Qc3+ 46. Kg2 Qd4 0-1

[Event "African-ch rapid"]
[Site "Casablanca"]
[Date "2019.08.26"]
[Round "1"]
[White "Elarbi, Abobker"]
[Black "Kouya, Tyeoulou Bernardin"]
[Result "1-0"]
[WhiteElo "2326"]
[BlackElo "1770"]
[PlyCount "61"]
[EventDate "2019.08.26"]
[EventType "swiss (rapid)"]
[EventRounds "9"]
[EventCountry "MAR"]
[SourceTitle "EXT 2020"]
[Source "ChessBase"]
[SourceDate "2019.10.17"]
[SourceVersion "1"]
[SourceVersionDate "2019.10.17"]
[SourceQuality "1"]

1. d4 d5 2. Nf3 Nf6 3. c4 c6 4. Nc3 e6 5. e3 Be7 6. Bd3 dxc4 7. Bxc4 b5 8. Bd3 Bb7 9. 0-0 0-0 10. a4 b4 11. Ne4 a5 12. b3 Nbd7 13. Bb2 Nxe4 14. Bxe4 Nf6 15. Bd3 c5 16. Be2 Rc8 17. Rc1 cxd4 18. Qxd4 Qxd4 19. Nxd4 Nd5 20. Nb5 Rfd8 21. Rfd1 f6 22. Bc4 Kf7 23. Bd4 Bc5 24. Bxc5 Rxc5 25. e4 Rdc8 26. Nd6+ Kg6 27. Nxc8 Nc3 28. Nd6 Bxe4 29. Nxe4 Nxe4 30. Bd3 Re5 31. f3 1-0

[Event "Monastir op"]
[Site "Monastir"]
[Date "2018.09.03"]
[Round "3"]
[White "Elarbi, Abobker"]
[Black "Barhoumi, Med Anis"]
[Result "1-0"]
[WhiteElo "2303"]
[BlackElo "2016"]
[PlyCount "211"]
[EventDate "2018.09.02"]
[EventType "swiss"]
[EventRounds "9"]
[EventCountry "TUN"]
[SourceTitle "EXT 2019"]
[Source "ChessBase"]
[SourceDate "2018.10.10"]
[SourceVersion "1"]
[SourceVersionDate "2018.10.10"]
[SourceQuality "1"]

1. d4 Nf6 2. Nf3 e6 3. g3 d5 4. Bg2 c5 5. 0-0 Nc6 6. c3 Be7 7. Nbd2 0-0 8. dxc5 Bxc5 9. Nb3 Be7 10. Nbd4 Bd7 11. Qb3 Na5 12. Qd1 Rc8 13. Ne5 Be8 14. Nd3 Nc6 15. Nxc6 Bxc6 16. Qb3 Nd7 17. Be3 b6 18. Rfd1 Nc5 19. Qc2 Nxd3 20. Rxd3 Qc7 21. Rd2 Bf6 22. Qb3 b5 23. Qb4 a5 24. Qg4 a4 25. a3 Qe7 26. h4 Bd7 27. Bg5 Rfd8 28. Bxf6 Qxf6 29. Qf3 Qxf3 30. Bxf3 f5 31. Rad1 Rc7 32. e3 Kf8 33. Kh2 Ke7 34. Rg1 Kf6 35. Be2 Be8 36. Rgd1 g6 37. Kg1 h6 38. Rd4 Rdc8 39. Bf1 g5 40. Be2 Rc5 41. Kh2 R8c7 42. Kg1 Rg7 43. Kf1 Rgc7 44. hxg5+ hxg5 45. g4 Rh7 46. gxf5 Rh1+ 47. Kg2 Rxd1 48. Rxd1 exf5 49. Kg3 Bf7 50. Rh1 Kg7 51. Rd1 Kf6 52. Rd4 Be8 53. f3 Bf7 54. Rd2 Be8 55. Bf1 Bf7 56. Rh2 Kg7 57. Bd3 Bg6 58. Rd2 Kf6 59. Bf1 Bf7 60. Rd4 Be8 61. Bd3 Bf7 62. Kf2 Bg6 63. Bb1 Bf7 64. Bd3 Be6 65. Bf1 Bf7 66. Ke1 Bh5 67. Be2 Bf7 68. Kd2 Be8 69. Ke1 Bf7 70. Rd2 Ke5 71. Bd3 g4 72. fxg4 fxg4 73. Kf2 Be6 74. Kg3 Bd7 75. Rh2 Rc8 76. Rh5+ Kd6 77. e4 dxe4 78. Bxe4 Re8 79. Rd5+ Kc7 80. Rd4 Rh8 81. Bg2 Re8 82. Be4 Rh8 83. Bg2 Re8 84. Rd2 Rf8 85. Re2 Rf6 86. Be4 Rh6 87. Bg2 Rd6 88. Kf4 Rf6+ 89. Kg3 Rd6 90. Be4 Rh6 91. Kf4 Rf6+ 92. Kg3 Rh6 93. Rd2 Re6 94. Bf5 Rd6 95. Rxd6 Kxd6 96. Bxd7 Kxd7 97. Kxg4 Kd6 98. Kf4 Kd5 99. Ke3 Kc4 100. Kd2 Kb3 101. Kc1 Ka2 102. Kc2 Ka1 103. b3 Ka2 104. bxa4 bxa4 105. c4 Kxa3 106. c5 1-0

[Event "Olympiad-42"]
[Site "Baku"]
[Date "2016.09.04"]
[Round "3.1"]
[White "Salem, AR Saleh"]
[Black "Elarbi, Abobker"]
[Result "1-0"]
[WhiteElo "2628"]
[BlackElo "2297"]
[PlyCount "157"]
[EventDate "2016.09.02"]
[EventType "team-swiss"]
[EventRounds "11"]
[EventCountry "AZE"]
[SourceTitle "CBM 175"]
[Source "ChessBase"]
[SourceDate "2016.11.10"]
[SourceVersion "1"]
[SourceVersionDate "2016.11.10"]
[SourceQuality "1"]
[WhiteTeam "United Arab Emirates"]
[BlackTeam "Libya"]
[WhiteTeamCountry "UAE"]
[BlackTeamCountry "LBY"]

1. d4 d5 2. c4 c6 3. Nf3 Nf6 4. Nc3 e6 5. Bg5 Nbd7 6. e3 Qa5 7. Nd2 dxc4 8. Bxf6 Nxf6 9. Nxc4 Qc7 10. Be2 Bb4 11. 0-0 0-0 12. Rc1 Bxc3 13. Rxc3 Ne4 14. Rc1 Nd6 15. Ne5 f6 16. Nf3 Nf7 17. Qc2 Qa5 18. Qb1 g6 19. b4 Qd8 20. Rc5 Bd7 21. Bd3 Kg7 22. Rfc1 Qe7 23. Qb2 Rfd8 24. h4 Be8 25. Qb1 Rd5 26. R5c2 Rad8 27. Bc4 R5d6 28. Qb2 Nh6 29. Be2 Kg8 30. a4 a6 31. a5 Bf7 32. g3 R6d7 33. e4 Ng4 34. e5 f5 35. Rc4 Kg7 36. Ng5 Nh6 37. Nh3 Ng8 38. Nf4 Qe8 39. Nd3 Ne7 40. Nc5 Rc7 41. Bf3 Nd5 42. Kg2 Qe7 43. Rh1 h6 44. Rcc1 Rcc8 45. Rh2 Rb8 46. Qd2 Nc7 47. Be2 Rh8 48. g4 Nd5 49. Kh1 Rhg8 50. Rg1 Kh7 51. Bd3 h5 52. f3 Rg7 53. Bc4 Rbg8 54. Bxd5 cxd5 55. Qg5 Qxg5 56. hxg5 fxg4 57. fxg4 Rd8 58. Rf1 Kg8 59. Kg2 Rc8 60. Kg3 Rc6 61. Nxb7 Rc4 62. Nd6 Rxd4 63. Rhf2 Rxg4+ 64. Kh3 Rxb4 65. Nxf7 Ra4 66. Nd8 Rc7 67. Nxe6 Rc3+ 68. Rf3 Raa3 69. Rxc3 Rxc3+ 70. Kg2 Re3 71. Rf8+ Kh7 72. Rf7+ Kh8 73. Nf4 Kg8 74. Re7 h4 75. Nxd5 Rg3+ 76. Kh2 Rxg5 77. Nf6+ Kf8 78. Nh7+ Kxe7 79. Nxg5 1-0

[Event "Olympiad-42"]
[Site "Baku"]
[Date "2016.09.03"]
[Round "2.1"]
[White "Mohamud Hussein, Ali"]
[Black "Elarbi, Abobker"]
[Result "0-1"]
[WhiteElo "1606"]
[BlackElo "2297"]
[PlyCount "90"]
[EventDate "2016.09.02"]
[EventType "team-swiss"]
[EventRounds "11"]
[EventCountry "AZE"]
[SourceTitle "CBM 175"]
[Source "ChessBase"]
[SourceDate "2016.11.10"]
[SourceVersion "1"]
[SourceVersionDate "2016.11.10"]
[SourceQuality "1"]
[WhiteTeam "Somalia"]
[BlackTeam "Libya"]
[WhiteTeamCountry "SOM"]
[BlackTeamCountry "LBY"]

1. e4 e5 2. Nf3 Nc6 3. Bb5 a6 4. Ba4 Nf6 5. 0-0 d6 6. Re1 b5 7. Bb3 Be7 8. c3 0-0 9. h3 Na5 10. Bc2 c5 11. d4 Qc7 12. dxc5 dxc5 13. Bg5 h6 14. Bxf6 Bxf6 15. Nbd2 Be6 16. b3 Rfd8 17. Qe2 Rd6 18. Nf1 c4 19. b4 Nc6 20. a4 Rad8 21. Ne3 R6d7 22. axb5 axb5 23. Red1 Nd4 24. cxd4 exd4 25. Nd5 Bxd5 26. exd5 d3 27. Bxd3 cxd3 28. Qxd3 Bxa1 29. Rxa1 Rxd5 30. Qe2 Qf4 31. Rb1 g6 32. g3 Qf5 33. Re1 Qxh3 34. Qe7 Rd1 35. Qe2 Qd7 36. Kh2 Rxe1 37. Qxe1 Re8 38. Qc3 Qd5 39. Kg2 Re4 40. Qc8+ Kh7 41. Qf8 Rc4 42. Qe7 Rc3 43. Qf6 Rb3 44. g4 Rxb4 45. Kg3 Rb3 0-1

[Event "Olympiad-41"]
[Site "Tromsoe"]
[Date "2014.08.11"]
[Round "9.1"]
[White "Hasford, John Kojo"]
[Black "Elarbi, Abobker"]
[Result "0-1"]
[WhiteElo "2055"]
[BlackElo "2283"]
[PlyCount "112"]
[EventDate "2014.08.02"]
[EventType "team-swiss"]
[EventRounds "11"]
[EventCountry "NOR"]
[SourceTitle "CBM 162"]
[Source "ChessBase"]
[SourceDate "2014.09.17"]
[SourceVersion "1"]
[SourceVersionDate "2014.09.17"]
[SourceQuality "1"]
[WhiteTeam "Ghana"]
[BlackTeam "Libya"]
[WhiteTeamCountry "GHA"]
[BlackTeamCountry "LBY"]

1. d4 Nf6 2. Nf3 e6 3. g3 c5 4. c3 Nc6 5. Bg2 d5 6. 0-0 Be7 7. Bg5 cxd4 8. cxd4 Qb6 9. Bc1 0-0 10. Nc3 Rd8 11. Na4 Qb5 12. Nc3 Qa5 13. Bd2 a6 14. Rc1 Qb6 15. Na4 Qa7 16. e3 Bd7 17. Ne5 Rac8 18. Nxd7 Nxd7 19. f4 b5 20. Nc3 Nf6 21. Qe2 Rc7 22. Nd1 Rdc8 23. Nf2 Qb6 24. Nd3 b4 25. Ne5 Bd6 26. g4 Ne7 27. g5 Rxc1 28. Bxc1 Bxe5 29. fxe5 Ne4 30. Qg4 Qb7 31. h4 Rc2 32. h5 g6 33. Bxe4 dxe4 34. hxg6 hxg6 35. Qd1 Qc6 36. Qe1 Nf5 37. Bd2 a5 38. a3 Rxb2 39. axb4 Qc2 40. bxa5 Qxd2 41. Qxd2 Rxd2 42. Ra1 Rc2 43. a6 Rc8 44. Kf2 Ra8 45. Ke2 Ra7 46. Kd2 Kf8 47. Ra4 Ke8 48. Ra5 Ke7 49. Ke2 Kd7 50. d5 exd5 51. Rxd5+ Ke6 52. Ra5 Ne7 53. Kf2 Nc6 54. Ra4 Kxe5 55. Kg3 Kf5 56. Rc4 Rxa6 0-1

[Event "Olympiad-41"]
[Site "Tromsoe"]
[Date "2014.08.06"]
[Round "5.1"]
[White "Elarbi, Abobker"]
[Black "Mwanyika, Geoffrey"]
[Result "1-0"]
[WhiteElo "2283"]
[BlackElo "1922"]
[PlyCount "105"]
[EventDate "2014.08.02"]
[EventType "team-swiss"]
[EventRounds "11"]
[EventCountry "NOR"]
[SourceTitle "CBM 162"]
[Source "ChessBase"]
[SourceDate "2014.09.17"]
[SourceVersion "1"]
[SourceVersionDate "2014.09.17"]
[SourceQuality "1"]
[WhiteTeam "Libya"]
[BlackTeam "Tanzania"]
[WhiteTeamCountry "LBY"]
[BlackTeamCountry "TAN"]

1. e4 e5 2. Nf3 Nc6 3. Bb5 Nd4 4. Nxd4 exd4 5. Bc4 g6 6. d3 Bg7 7. 0-0 d6 8. f4 Bd7 9. f5 Be5 10. Nd2 Qe7 11. Nf3 f6 12. Nxe5 dxe5 13. Qf3 0-0-0 14. fxg6 hxg6 15. Qg3 g5 16. Bd2 Be6 17. b3 Bxc4 18. bxc4 Qe6 19. Rf3 Rd7 20. Raf1 Rdh7 21. h3 Rh4 22. Bxg5 fxg5 23. Rf8+ Kd7 24. R8f7+ Ne7 25. R1f6 Rxh3 26. gxh3 Qxh3 27. Rxe7+ Kxe7 28. Qxe5+ Kd8 29. Qd5+ Kc8 30. Qf5+ Qxf5 31. Rxf5 Rg8 32. Kg2 c6 33. c5 Rg7 34. Kg3 b5 35. Rf6 Kc7 36. Kg4 a5 37. Rf5 Rh7 38. Kxg5 Rh2 39. Rf7+ Kd8 40. Kf6 Rxc2 41. e5 Rh2 42. Rf8+ Kc7 43. Rf7+ Kd8 44. Rf8+ Kc7 45. Ke6 Rh6+ 46. Rf6 Rh3 47. Rf7+ Kc8 48. Kd6 b4 49. Kxc6 Kd8 50. Kd6 Ke8 51. e6 Rxd3 52. Rf4 a4 53. e7 1-0

[Event "Al Ain op 2nd"]
[Site "Al Ain"]
[Date "2013.12.21"]
[Round "3"]
[White "Elarbi, Abobker"]
[Black "Abtini, Hasan"]
[Result "1-0"]
[WhiteElo "2295"]
[BlackElo "2014"]
[PlyCount "41"]
[EventDate "2013.12.19"]
[EventType "swiss"]
[EventRounds "9"]
[EventCountry "UAE"]
[SourceTitle "CBM 158 Extra"]
[Source "ChessBase"]
[SourceDate "2014.02.28"]
[SourceVersion "1"]
[SourceVersionDate "2014.02.28"]
[SourceQuality "1"]

1. d4 d5 2. c4 c6 3. cxd5 cxd5 4. Nc3 Nc6 5. Nf3 Nf6 6. e3 e6 7. a3 Bd6 8. Bd3 0-0 9. 0-0 e5 10. dxe5 Nxe5 11. Be2 Ng6 12. b4 a6 13. Bb2 b5 14. Qd4 Bb7 15. a4 Qe7 16. axb5 Bxb4 17. bxa6 Bc6 18. Rfc1 Bc5 19. Nxd5 Bxd4 20. Nxe7+ Nxe7 21. Bxd4 1-0

[Event "Arab Clubs-chT"]
[Site "Monastir"]
[Date "2013.11.09"]
[Round "8.1"]
[White "Elarbi, Abobker"]
[Black "Seraoui, Mohcen"]
[Result "1/2-1/2"]
[WhiteElo "2268"]
[BlackElo "2131"]
[PlyCount "68"]
[EventDate "2013.11.04"]
[EventType "team-tourn"]
[EventRounds "9"]
[EventCountry "TUN"]
[SourceTitle "EXT 2014"]
[Source "ChessBase"]
[SourceDate "2013.11.20"]
[SourceVersion "1"]
[SourceVersionDate "2013.11.20"]
[SourceQuality "1"]
[WhiteTeam "Al Ahli"]
[BlackTeam "CEC"]
[WhiteTeamCountry "LBY"]
[BlackTeamCountry "ALG"]

1. d4 Nf6 2. c4 g6 3. g3 Bg7 4. Bg2 d6 5. Nc3 0-0 6. Nf3 Nc6 7. 0-0 a6 8. b3 Bf5 9. Nh4 Bc8 10. Bb2 Nd7 11. d5 Na5 12. Qd2 c5 13. dxc6 Nxc6 14. Nd5 Bxb2 15. Qxb2 a5 16. Qd2 Kg7 17. Nf3 Nc5 18. Nd4 Nxd4 19. Qxd4+ f6 20. Rfd1 Bd7 21. Nc3 Bc6 22. Rab1 Qc7 23. h4 h5 24. e4 Nd7 25. Bh3 Ne5 26. Qe3 Rae8 27. Be6 Qb8 28. f4 Ng4 29. Bxg4 hxg4 30. Qe2 Qa7+ 31. Kf1 e5 32. Qxg4 exf4 33. Qxf4 Rd8 34. Rd3 f5 1/2-1/2

[Event "Arab Clubs-chT"]
[Site "Monastir"]
[Date "2013.11.04"]
[Round "1.2"]
[White "Elarbi, Abobker"]
[Black "Gator, Mosab"]
[Result "1-0"]
[WhiteElo "2268"]
[BlackElo "2127"]
[PlyCount "27"]
[EventDate "2013.11.04"]
[EventType "team-tourn"]
[EventRounds "9"]
[EventCountry "TUN"]
[SourceTitle "EXT 2014"]
[Source "ChessBase"]
[SourceDate "2013.11.20"]
[SourceVersion "1"]
[SourceVersionDate "2013.11.20"]
[SourceQuality "1"]
[WhiteTeam "Al Ahli"]
[BlackTeam "Dhahra"]
[WhiteTeamCountry "LBY"]
[BlackTeamCountry "LBY"]

1. d4 d5 2. Nf3 e6 3. c4 Nf6 4. Nc3 Nbd7 5. e3 Bd6 6. c5 Be7 7. b4 0-0 8. Bb2 Ne4 9. Nxe4 dxe4 10. Nd2 f5 11. g3 Nf6 12. Bg2 Bd7 13. 0-0 Nd5 14. Qb3 1-0

[Event "Arab Cities-chT"]
[Site "Monastir"]
[Date "2013.10.29"]
[Round "3.1"]
[White "Boudriga, Mohamed Ali"]
[Black "Elarbi, Abobker"]
[Result "1/2-1/2"]
[WhiteElo "2316"]
[BlackElo "2268"]
[PlyCount "54"]
[EventDate "2013.10.27"]
[EventType "team-swiss"]
[EventRounds "7"]
[EventCountry "TUN"]
[SourceTitle "EXT 2014"]
[Source "ChessBase"]
[SourceDate "2013.11.20"]
[SourceVersion "1"]
[SourceVersionDate "2013.11.20"]
[SourceQuality "1"]
[WhiteTeam "La tour Blache"]
[BlackTeam "Benghazi"]
[WhiteTeamCountry "TUN"]
[BlackTeamCountry "LBY"]

1. e4 e5 2. Nf3 Nc6 3. Bb5 Nf6 4. d3 d6 5. c3 Be7 6. 0-0 0-0 7. Re1 a6 8. Ba4 b5 9. Bc2 d5 10. Nbd2 dxe4 11. dxe4 Bg4 12. h3 Bxf3 13. Qxf3 Nd7 14. Nf1 Bg5 15. Rd1 Bxc1 16. Raxc1 Qe7 17. Ne3 Nb6 18. b4 Rad8 19. Bb3 Rxd1+ 20. Rxd1 Rd8 21. Nf5 Rxd1+ 22. Qxd1 Qf6 23. Qd2 Nd8 24. g3 Nb7 25. Kg2 Nd6 26. Nxd6 Qxd6 27. Qxd6 cxd6 1/2-1/2

[Event "Arab Cities-chT"]
[Site "Monastir"]
[Date "2013.10.28"]
[Round "2.1"]
[White "Elarbi, Abobker"]
[Black "Talbi, Chafik"]
[Result "1-0"]
[WhiteElo "2268"]
[BlackElo "2221"]
[PlyCount "87"]
[EventDate "2013.10.27"]
[EventType "team-swiss"]
[EventRounds "7"]
[EventCountry "TUN"]
[SourceTitle "EXT 2014"]
[Source "ChessBase"]
[SourceDate "2013.11.20"]
[SourceVersion "1"]
[SourceVersionDate "2013.11.20"]
[SourceQuality "1"]
[WhiteTeam "Benghazi"]
[BlackTeam "NRM"]
[WhiteTeamCountry "LBY"]
[BlackTeamCountry "ALG"]

1. d4 Nf6 2. Nf3 e6 3. c4 b6 4. Bg5 Bb7 5. Nc3 Be7 6. Bxf6 Bxf6 7. e4 d6 8. Rc1 0-0 9. Bd3 Nd7 10. 0-0 c5 11. d5 Ne5 12. Nxe5 Bxe5 13. f4 Bd4+ 14. Kh1 Qe7 15. Rc2 Rae8 16. Ne2 Bf6 17. Ng1 Qc7 18. Nf3 exd5 19. exd5 Re7 20. Ng5 Bxg5 21. fxg5 Re5 22. h4 Qe7 23. Rcf2 b5 24. b3 bxc4 25. bxc4 Re3 26. Bxh7+ Kxh7 27. Qh5+ Kg8 28. g6 fxg6 29. Rxf8+ Qxf8 30. Rxf8+ Kxf8 31. Qxg6 Bc8 32. Qxd6+ Ke8 33. Qxc5 Re1+ 34. Kh2 Bd7 35. Qxa7 Re4 36. Qa8+ Kf7 37. Qd8 Bf5 38. c5 Re2 39. c6 Rxa2 40. c7 Rd2 41. c8Q Bxc8 42. Qxc8 Rxd5 43. Qb7+ Ke6 44. Qxg7 1-0

[Event "Arab Cities-chT"]
[Site "Monastir"]
[Date "2013.10.27"]
[Round "1.1"]
[White "Madi, Emad"]
[Black "Elarbi, Abobker"]
[Result "0-1"]
[WhiteElo "2107"]
[BlackElo "2268"]
[PlyCount "66"]
[EventDate "2013.10.27"]
[EventType "team-swiss"]
[EventRounds "7"]
[EventCountry "TUN"]
[SourceTitle "EXT 2014"]
[Source "ChessBase"]
[SourceDate "2013.11.20"]
[SourceVersion "1"]
[SourceVersionDate "2013.11.20"]
[SourceQuality "1"]
[WhiteTeam "Tripoli"]
[BlackTeam "Benghazi"]
[WhiteTeamCountry "LBY"]
[BlackTeamCountry "LBY"]

1. c4 e6 2. g3 d5 3. Bg2 Nf6 4. Nf3 c6 5. 0-0 Nbd7 6. cxd5 exd5 7. a3 Bd6 8. b4 0-0 9. Bb2 Re8 10. d3 a5 11. bxa5 Qxa5 12. Nbd2 Qb6 13. Ra2 Qc7 14. e3 Ne5 15. Nxe5 Bxe5 16. Bxe5 Qxe5 17. d4 Qe7 18. Qc1 Bf5 19. Qc3 Ra4 20. Rfa1 Rea8 21. Bf3 Bg4 22. Bxg4 Nxg4 23. Nb1 Nf6 24. Qb3 Ne4 25. Nc3 Nxc3 26. Qxc3 h5 27. h4 g6 28. Rb1 R8a6 29. Rba1 b5 30. Qb3 Qa7 31. g4 hxg4 32. h5 gxh5 33. Qd3 Qd7 0-1

[Event "Africa-ch op"]
[Site "Tunis"]
[Date "2013.05.26"]
[Round "8"]
[White "Elarbi, Abobker"]
[Black "Boudriga, Mohamed Ali"]
[Result "1/2-1/2"]
[WhiteElo "2272"]
[BlackElo "2234"]
[PlyCount "122"]
[EventDate "2013.05.18"]
[EventType "swiss"]
[EventRounds "9"]
[EventCountry "TUN"]
[SourceTitle "CBM 154 Extra"]
[Source "ChessBase"]
[SourceDate "2013.06.25"]
[SourceVersion "2"]
[SourceVersionDate "2013.06.25"]
[SourceQuality "1"]

1. d4 d5 2. Nf3 Nf6 3. c4 dxc4 4. Nc3 c5 5. e3 e6 6. Bxc4 a6 7. a4 Nc6 8. 0-0 Be7 9. dxc5 Qc7 10. Qe2 Bxc5 11. h3 b6 12. Rd1 Bb7 13. e4 Ne5 14. Nxe5 Qxe5 15. Be3 0-0 16. Bxc5 Qxc5 17. e5 Qc6 18. f3 Qc5+ 19. Kh2 Nh5 20. Bd3 Nf4 21. Qe1 h6 22. Be4 Bxe4 23. Qxe4 Ng6 24. f4 Qf2 25. Ne2 Rad8 26. Rac1 Rxd1 27. Rxd1 Nh4 28. b4 Nf5 29. Rd3 Rc8 30. Nd4 Rc4 31. Qa8+ Kh7 32. Nxf5 exf5 33. Rf3 Qd2 34. Qf8 Qd5 35. Qd6 Qxd6 36. exd6 Rd4 37. b5 axb5 38. Rb3 bxa4 39. Rxb6 Rxf4 40. Ra6 Rd4 41. Kg3 a3 42. Rxa3 Rxd6 43. Kf3 g5 44. Rb3 Kg6 45. Kg3 f4+ 46. Kf3 Re6 47. Kf2 h5 48. Rb8 Rc6 49. Rb4 Rc2+ 50. Kf3 Rc3+ 51. Kf2 h4 52. Rb6+ f6 53. Ra6 Rc2+ 54. Kf3 Rd2 55. Rb6 Kf5 56. Rb5+ Ke6 57. Rb6+ Ke5 58. Rb5+ Rd5 59. Rb6 Rc5 60. Ra6 Rc3+ 61. Ke2 Rc7 1/2-1/2